000 00641nam a2200229Ia 4500
003 OSt
005 20221007061647.0
006 a|||||r|||| 00| 0
007 ta
008 221006b |||||||| |||| 00| 0 eng d
024 _a12,655
037 _cTextual
040 _aFLL
_cFLL
_beng
041 _2eng
_aeng
082 _aV271:264:Zq.N62:9, K2
100 _aSrivastava H.P. Au.
_9681788
245 0 _aM.P. panchayats act, 1962
260 _aAllahabad
_bCentral law angency India
_c1962
300 _a190p
_ccm.
942 _hV271:264:Zq.N62:9, K2
_cTEXL
_2CC
999 _c1126147
_d1126147